[Event "Portugal Open 2019"]
[Site "Lisbon"]
[Date "2019.02.07"]
[Round "7.7"]
[White "Annaberdiev, Meilis"]
[Black "Rajesh, V A V"]
[Result "1-0"]
[WhiteElo "2522"]
[BlackElo "2406"]
[Annotator "TA"]
[PlyCount "127"]
[EventDate "2019.01.25"]
[EventType "swiss"]
[EventCountry "POR"]
[SourceTitle "playchess.com"]
[Source "ChessBase"]
[SourceQuality "1"]

{[%evp 14,127,41,30,37,31,63,35,33,33,81,80,76,79,76,0,33,0,43,19,18,-8,-11,-38,58,52,54,4,54,47,72,71,116,45,42,45,43,54,113,111,131,136,137,139,184,145,137,141,120,121,121,121,121,100,163,121,121,121,143,125,136,135,135,117,135,126,132,117,132,117,126,0,121,121,147,142,163,145,268,253,272,249,328,334,330,327,348,335,604,612,564,433,434,437,435,413,631,610,626,606,542,661,672,687,678,639,810,799,802,789,752,705,777,740,648,561]} 1. e4 e5 2. Nf3 Nc6 3. Bb5 a6 4. Ba4 d6 5. Bxc6+ bxc6 6. d4 f6 7. Nc3 g6 8. Be3 Bg7 $146 {C73: Ruy Lopez: Deferred Steinitz: 5 Bxc6+} ({Predecessor:} 8... Nh6 9. Qe2 {0-1 (55) Abdusattorov,N (2429)-Vavulin,M (2604) Moscow 2017}) 9. Qe2 Nh6 10. O-O-O Nf7 {White is slightly better.} 11. h4 h6 ({Predecessor:} 11... Bg4 12. h5 gxh5 13. Qc4 Qd7 14. Rd2 a5 15. d5 c5 16. Nh2 {0-1 (55) Abdusattorov,N (2429)-Vavulin,M (2604) Moscow 2017}) 12. Qc4 Bd7 13. h5 g5 14. Ne2 (14. d5 $16) 14... O-O {next ...c5! is good for Black.} 15. Ng3 Kh8 16. Kb1 Qb8 17. Qb3 Qb5 18. Bc1 (18. Bd2 {keeps more tension.} Bg4 19. Bc3 exd4 20. Rxd4 c5 21. Ra4) 18... a5 ({Black should try} 18... Qxb3 $15 19. axb3 Bg4) 19. Qxb5 $1 $14 cxb5 20. Rhe1 Bg4 21. d5 $1 Nd8 22. Rd3 f5 {[#]} 23. exf5 ({Don't play} 23. Nxf5 $6 Bxf5 24. exf5 Rxf5 $14) (23. Nh2 $1 $16) 23... Bxf5 24. Nxf5 Rxf5 25. Re4 Kg8 (25... Nb7 $14) 26. Be3 $16 Kf8 27. Nd2 Ke8 28. a4 b4 29. Rc4 Kd7 30. Ne4 Bf8 31. b3 Ra6 32. c3 bxc3 33. Kc2 c5 (33... Be7 $16 {is a better defense.}) 34. Rdxc3 Nb7 35. Rd3 Ra8 36. Nd2 Be7 37. Rg4 Raf8 38. Nc4 Bf6 39. Kd1 Bd8 40. Ke2 Re8 41. Re4 Rg8 42. Rg4 Re8 $1 43. Nd2 Be7 44. Ne4 Rb8 45. Bd2 Bd8 (45... Rff8 $16 {keeps fighting.} 46. Rgg3 Rbc8) 46. Rgg3 $18 Ke8 47. Rgf3 Rf7 48. Rxf7 Kxf7 49. Rf3+ Kg8 50. Kd3 Bc7 $2 {[#]} (50... Kg7 51. Kc4 Rc8) 51. Rf6 Nd8 52. Kc2 Nf7 53. Bc3 Rf8 54. Nd2 Nd8 (54... Ra8 $142 55. Nc4 Kf8) 55. Rxf8+ {White is clearly winning.} Kxf8 {[%mdl 4096] Endgame KBN-KBN} 56. Nc4 Nb7 57. Kd3 Kf7 58. Ke4 Kf6 59. g3 Kf7 60. Kf5 Bd8 61. Be1 Bc7 62. Bd2 Bd8 63. f4 gxf4 64. gxf4 {Accuracy: White = 67%, Black = 34%.} 1-0

[Event "Portugal Open 2019"]
[Site "Lisbon"]
[Date "2019.02.07"]
[Round "7.8"]
[White "Stefansson, Hannes"]
[Black "Sousa, Ludy Helsio Paulo"]
[Result "1-0"]
[WhiteElo "2514"]
[BlackElo "2169"]
[Annotator "TA"]
[PlyCount "59"]
[EventDate "2019.01.25"]
[EventType "swiss"]
[EventCountry "POR"]
[SourceTitle "playchess.com"]
[Source "ChessBase"]
[SourceQuality "1"]

{[%evp 21,59,62,61,65,65,64,89,84,95,90,78,83,64,77,95,94,102,111,137,100,93,93,175,176,312,266,427,432,447,425,552,550,781,781,776,764,759,745,850,835]} 1. d4 Nf6 2. c4 c5 ({Predecessor:} 2... g6 3. Nf3 Bg7 4. g3 c5 5. d5 b5 6. cxb5 a6 7. bxa6 d6 8. Nc3 Bxa6 9. e4 Bxf1 10. Kxf1 {1-0 (64) Debashis,D (2459)-Schippers,M (2220) Barcelona 2016}) 3. d5 b5 4. cxb5 a6 5. bxa6 d6 $146 (5... g6 6. Nc3 Bxa6 7. e4 Bxf1 8. Kxf1 d6 {0-1 (37) Vallejo Pons,F (2711)-Tregubov,P (2585) Tallinn 2016}) 6. Nc3 Bxa6 7. Nf3 g6 8. e4 Bxf1 9. Kxf1 Nbd7 10. g3 Bg7 11. Kg2 O-O 12. a4 {A59: Benko/Volga Gambit: White castles by hand} Qb6 (12... Ra6 13. Re1 Qa8 14. Nb5 Rc8 15. Ra3 Ne8 16. Qc2 Nc7 17. Nxc7 Rxc7 18. b4 cxb4 19. Qxc7 bxa3 20. Bxa3 Rxa4 21. Qxd7 {0-1 (37) Vallejo Pons,F (2711)-Tregubov,P (2585) Tallinn 2016}) 13. Qe2 Rfb8 14. Nb5 {White is better.} ({Predecessor:} 14. Ra3 Ne8 {1-0 (64) Debashis,D (2459)-Schippers,M (2220) Barcelona 2016}) 14... Ne8 15. Ra3 Nc7 {[#]} 16. Nxc7 $1 Qxc7 17. b3 $1 c4 18. Qxc4 Qxc4 19. bxc4 Rb4 20. Bg5 f6 21. Be3 Rxc4 (21... Rbxa4 $16 {was necessary.} 22. Rxa4 Rxa4) 22. a5 $18 {[%cal Ba4a5,Ba5a6,Ba6a7][%mdl 32]} Ra6 (22... Nb8 $142 23. Rc1 Rxc1 24. Bxc1 Na6) 23. Rb1 Nc5 $2 {[#]} (23... Rxe4 24. Rc1 Nc5 25. Bxc5 dxc5 26. Rxc5 Rb4 27. Rc8+ Bf8) 24. Nd2 {White is clearly winning.} Rc2 25. Rb6 Ra7 26. a6 Kf7 27. Bxc5 Rxc5 28. Rb7 Ra8 29. a7 Rcc8 30. Ra4 {Accuracy: White = 98%, Black = 28%.} 1-0

[Event "Portugal Open 2019"]
[Site "Lisbon"]
[Date "2019.02.07"]
[Round "7.9"]
[White "Haug, Johannes"]
[Black "David, Alberto"]
[Result "1/2-1/2"]
[WhiteElo "2403"]
[BlackElo "2560"]
[Annotator "TA"]
[PlyCount "146"]
[EventDate "2019.01.25"]
[EventType "swiss"]
[EventCountry "POR"]
[SourceTitle "playchess.com"]
[Source "ChessBase"]
[SourceQuality "1"]

{[%evp 9,146,15,43,43,43,43,43,42,36,46,43,40,41,30,38,38,52,30,31,7,19,0,0,0,33,0,20,0,6,0,0,0,0,0,0,-15,0,-24,0,-70,-78,-75,-69,-57,-24,-64,-70,-69,-50,-61,-52,-52,-48,-52,-31,-50,-27,-43,-29,-32,-27,-55,-27,-31,-12,-22,-9,-10,-11,-15,-11,-41,-17,-25,0,-11,0,-71,-14,-22,0,0,0,0,0,0,0,0,7,-4,-7,-7,-5,-5,0,0,0,0,0,0,0,0,0,0,6,6,6,6,3,0,0,0,0,0,0,0,0,0,0,0,0,0,0,0,0,0,0,0,0,0,0,0,0,0,0,0,0,0,0]} 1. d4 Nf6 2. c4 ({Predecessor:} 2. Nf3 d5 3. c4 {½-½ (31) Sychev,K (2453)-Grandelius,N (2643) Tallinn 2016}) 2... e6 3. Nf3 d5 4. Nc3 dxc4 5. e4 b5 $146 (5... Bb4 6. Bxc4 Nxe4 7. O-O Nf6 8. Qa4+ Nc6 9. Bg5 Bxc3 10. bxc3 O-O 11. Ne5 Qd6 12. Rfe1 Nd5 13. Bxd5 exd5 14. Nxc6 Qxc6 15. Qxc6 bxc6 {½-½ (31) Mamedyarov,S (2817)-Duda,J (2738) Wijk aan Zee 2019}) 6. e5 {D24: Queen's Gambit Accepted: 3 Nf3 Nf6 4 Nc3} Nd5 7. Nxb5 Nb6 8. Be2 {White is slightly better.} Be7 9. O-O Nc6 10. Be3 O-O 11. Rc1 Ba6 12. Nc3 Nb4 13. Nd2 ({Predecessor:} 13. b3 cxb3 14. Bxa6 {½-½ (31) Sychev,K (2453)-Grandelius,N (2643) Tallinn 2016}) 13... Rb8 14. b3 cxb3 15. axb3 Bxe2 16. Qxe2 N6d5 17. Nce4 Kh8 18. g3 Qe8 19. Ra1 a6 20. Rfc1 Qb5 21. Qc4 h6 22. Kg2 Rfd8 23. Kg1 Kg8 24. Kg2 (24. Qf1 $11) 24... c5 $15 25. Qxb5 Rxb5 26. Nf3 {[%cal Re4c5]} Nd3 27. Rcb1 Nxe3+ 28. fxe3 cxd4 29. exd4 Rb6 30. Ned2 Rc6 31. Nc4 Nb4 32. Rd1 Rb8 33. Rd2 Nd5 34. Rd3 Bb4 35. Rc1 Rb5 36. Ra1 Kf8 37. Kf2 Ke7 38. Nfd2 f5 39. exf6+ gxf6 40. Ne4 f5 41. Ned2 $1 Nf6 42. Ke2 a5 43. Rc1 {[#]} (43. Nf3 $11) 43... Rc8 ({Better is} 43... Bxd2 $1 $17 44. Rxd2 Ne4) 44. Rc2 {The position is equal.} Ng4 45. Nf3 Rb7 46. Ra2 Nf6 47. Nfe5 Nd5 48. Nxa5 Rbc7 $132 {[%mdl 2048] Black is fighting back} 49. Kf3 Rc2 50. Rxc2 Rxc2 51. Nac6+ Kf6 {[#] Strongly threatening ...Be1.} 52. Nxb4 Nxb4 $11 {[%mdl 4096] Endgame KRN-KRN} 53. Re3 Rxh2 {And now ...Nc2 would win.} 54. Re2 Rh1 55. Nd7+ Kf7 56. Nc5 Rc1 57. Nxe6 Rc3+ 58. Kg2 Rxb3 59. Nf4 Nd3 60. Nxd3 Rxd3 {KR-KR} 61. Re5 Kf6 62. Rd5 h5 63. Rd6+ Kg5 64. Rd8 h4 65. Rg8+ Kf6 66. gxh4 Rxd4 67. Kg3 Rd3+ 68. Kf4 Rd4+ 69. Kg3 Rd1 70. Rf8+ Kg6 71. Rg8+ Kf6 {( -> ...Rg1+)} 72. Rf8+ Ke5 73. Re8+ Kf6 {Accuracy: White = 55%, Black = 52%.} 1/2-1/2

[Event "Portugal Open 2019"]
[Site "Lisbon"]
[Date "2019.02.07"]
[Round "7.10"]
[White "Fus, Jakub"]
[Black "Jakubowski, Krzysztof"]
[Result "1/2-1/2"]
[WhiteElo "2326"]
[BlackElo "2514"]
[Annotator "RC"]
[PlyCount "103"]
[EventDate "2019.01.25"]
[EventType "swiss"]
[EventCountry "POR"]
[SourceTitle "playchess.com"]
[Source "ChessBase"]
[SourceQuality "1"]
[TimeControl "5400+30"]

1. d4 {[%emt 0:00:00]} d6 {[%emt 0:00:00]} 2. e4 {[%emt 0:00:03]} Nf6 {[%emt 0:00:00]} 3. Nc3 {[%emt 0:00:21]} g6 {[%emt 0:00:13]} 4. Nf3 {[%emt 0:00:29]} Bg7 {[%emt 0:00:13]} 5. Be2 {[%emt 0:00:33]} Bg4 {[%emt 0:01:00]} 6. Be3 {[%emt 0:00:54]} O-O {[%emt 0:00:36]} 7. O-O {[%emt 0:00:29]} c6 {[%emt 0:00:29]} 8. a4 {[%emt 0:00:48]} a5 {[%emt 0:00:21]} 9. h3 {[%emt 0:02:55]} Bxf3 {[%emt 0:01:34]} 10. Bxf3 {[%emt 0:00:09]} Nbd7 {[%emt 0:00:09]} 11. Be2 {[%emt 0:00:46]} e5 {[%emt 0:00:31]} 12. dxe5 {[%emt 0:01:04]} dxe5 {[%emt 0:00:12]} 13. Bc4 {[%emt 0:00:34]} Qe7 {[%emt 0:00:22]} 14. Qe2 {[%emt 0:13:55]} Nc5 {[%emt 0:01:55]} 15. Bg5 {[%emt 0:01:19]} h6 {[%emt 0:02:50]} 16. Bd2 {[%emt 0:06:20]} Rfd8 {[%emt 0:04:17]} 17. Rad1 {[%emt 0:03:44]} Rd4 {[%emt 0:08:01]} 18. Be3 {[%emt 0:06:16]} Rxd1 {[%emt 0:02:44]} 19. Rxd1 {[%emt 0:00:16]} Bf8 {[%emt 0:00:44]} 20. f3 {[%emt 0:09:46]} Rd8 {[%emt 0:02:48]} 21. Rxd8 {[%emt 0:02:42]} Qxd8 {[%emt 0:00:45]} 22. Qd2 {[%emt 0:03:10]} Qxd2 {[%emt 0:00:45]} 23. Bxd2 {[%emt 0:00:09]} Ncd7 {[%emt 0:00:07]} 24. g3 Kg7 {[%emt 0:00:55]} 25. Nd1 {[%emt 0:03:57]} Bc5+ {[%emt 0:01:56]} 26. Kg2 {[%emt 0:01:18]} Bb6 {[%emt 0:01:49]} 27. Ne3 {[%emt 0:03:27]} Ne8 {[%emt 0:02:10]} 28. Be2 {[%emt 0:02:36]} Bxe3 {[%emt 0:05:14]} 29. Bxe3 {[%emt 0:00:19]} Nd6 {[%emt 0:00:04]} 30. Bd3 {[%emt 0:02:53]} g5 {[%emt 0:10:36]} 31. f4 {[%emt 0:07:42]} f6 {[%emt 0:00:26]} 32. Kf3 {[%emt 0:02:47]} b6 {[%emt 0:02:48]} 33. c3 {[%emt 0:02:39]} gxf4 {[%emt 0:03:34]} 34. gxf4 {[%emt 0:00:14]} exf4 {[%emt 0:00:04]} 35. Bxf4 {[%emt 0:06:02]} Ne5+ {[%emt 0:00:27]} 36. Ke2 {[%emt 0:00:09]} c5 {[%emt 0:01:18]} 37. Bc2 {[%emt 0:03:20]} Kg6 {[%emt 0:01:08]} 38. b3 {[%emt 0:02:15]} Kh5 {[%emt 0:02:29]} 39. Ke3 {[%emt 0:01:22]} Ndf7 {[%emt 0:08:51]} 40. Bg3 {[%emt 0:00:14]} Nd6 {[%emt 0:08:37]} 41. Bd1+ {[%emt 0:01:16]} Kg6 {[%emt 0:00:24]} 42. Be2 {[%emt 0:00:08]} Ndf7 {[%emt 0:01:11]} 43. Bf4 {[%emt 0:01:56]} Nd6 {[%emt 0:02:00]} 44. Bg3 {[%emt 0:00:10]} Ndf7 {[%emt 0:02:08]} 45. Bf4 {[%emt 0:03:27]} Nd6 {[%emt 0:00:36]} 46. Bg4 {[%emt 0:01:38]} h5 {[%emt 0:03:46]} 47. Be6 {[%emt 0:00:10]} h4 {[%emt 0:00:04]} 48. Bh2 {[%emt 0:01:05]} Kg5 {[%emt 0:04:45]} 49. Bf4+ {[%emt 0:00:05]} Kg6 {[%emt 0:00:03]} 50. Bh2 {[%emt 0:00:03]} Kg5 {[%emt 0:00:27]} 51. Bf4+ {[%emt 0:01:55]} Kg6 {[%emt 0:00:05]} 52. Bh2 {[%emt 0:00:10]} 1/2-1/2

[Event "Portugal Open 2019"]
[Site "Lisbon"]
[Date "2019.02.07"]
[Round "7.11"]
[White "Low, Zhen Yu Cyrus"]
[Black "Spraggett, Kevin"]
[Result "0-1"]
[WhiteElo "2377"]
[BlackElo "2513"]
[Annotator "TA"]
[PlyCount "64"]
[EventDate "2019.01.25"]
[EventType "swiss"]
[EventCountry "POR"]
[SourceTitle "playchess.com"]
[Source "ChessBase"]
[SourceQuality "1"]

{[%evp 9,64,49,64,42,43,49,41,46,53,23,22,26,19,14,18,-17,2,-11,-6,-40,-37,-89,-72,-94,-69,-94,-96,-136,-146,-151,-105,-161,-173,-168,-175,-162,-183,-171,-162,-337,-286,-490,-483,-1563,-1636,-1432,-1402,-1170,-1127,-991,-973,-971,-934,-905,-838,-1072,-1052]} 1. e4 d5 2. exd5 Qxd5 3. Nc3 Qd6 4. d4 Nf6 5. Nf3 c6 6. g3 {B01: Scandinavian Defence} Bf5 7. Bg2 e6 (7... h6 8. O-O e6 9. Na4 Nbd7 10. Bf4 Qe7 11. c4 g5 12. Be3 Bg7 13. Qb3 Rb8 {1-0 (88) Grandelius,N (2655)-Andreikin,D (2723) Porto Carras 2018}) 8. O-O {White is slightly better.} Be7 9. Bf4 $146 ({Predecessor:} 9. Qe2 O-O 10. Bf4 Qd8 11. h3 {½-½ (20) Seidl,S (2212)-Jirovsky,P (2319) Czechia 2013}) 9... Qd8 $1 10. h3 h6 11. Qe2 O-O 12. Rad1 Nbd7 13. Rfe1 ({Predecessor:} 13. Ne5 Nd5 14. Nxd5 exd5 15. g4 Bh7 16. Bh2 Re8 17. f4 f6 18. Nxd7 Qxd7 19. Qf2 Bd6 20. f5 Re7 {½-½ (20) Seidl,S (2212)-Jirovsky,P (2319) Czechia 2013}) 13... Rc8 14. Nb1 Nd5 15. Be3 (15. Be5 $15) 15... Nxe3 16. fxe3 Nf6 17. Nc3 Bb4 18. g4 Bh7 19. Qc4 Qa5 20. Qb3 (20. a3 $17 {is a better defense.} Bxc3 21. Qxc3 Qxc3 22. bxc3) 20... c5 $19 {Hoping for ...c4.} 21. Ne5 cxd4 22. exd4 Bxc3 23. bxc3 Rxc3 24. Qxb7 $2 (24. Nc4 {was the only chance.} Rxb3 25. Nxa5) 24... Rxc2 25. Nc6 $2 (25. Bf1) 25... Qc3 {Black is clearly winning.} 26. Nxa7 {[#]} (26. Ne7+ $142 Kh8 27. Qb3) 26... Be4 $1 {[%mdl 512]} 27. Rxe4 {[#]} Rxg2+ $1 {[%mdl 576] Decoy, Clearance} 28. Kxg2 Qc2+ {[%mdl 64] Double Attack} 29. Kf3 Qxd1+ 30. Re2 Qh1+ {[%mdl 64] Double Attack} 31. Rg2 Qxh3+ 32. Ke2 Nd5 {Accuracy: White = 19%, Black = 85%.} 0-1

[Event "Portugal Open 2019"]
[Site "Lisbon"]
[Date "2019.02.07"]
[Round "7.12"]
[White "Kaasen, Tor Fredrik"]
[Black "Galego, Luis"]
[Result "0-1"]
[WhiteElo "2387"]
[BlackElo "2508"]
[Annotator "TA"]
[PlyCount "58"]
[EventDate "2019.01.25"]
[EventType "swiss"]
[EventCountry "POR"]
[SourceTitle "playchess.com"]
[Source "ChessBase"]
[SourceQuality "1"]

{[%evp 14,58,65,60,68,69,64,62,72,66,81,-57,7,-23,4,13,39,-49,0,-118,-118,-116,-110,-104,-102,-112,-111,-120,-108,-108,-103,-131,-129,-132,-136,-209,-183,-183,-168,-474,-462,-875,-867,-836,-823,-1188,-816]} 1. c4 ({Predecessor:} 1. d4 Nf6 2. c4 d6 3. Nf3 Nbd7 4. Nc3 e5 {0-1 (40) Okamura,M (2067)-Serafim Junior,A (1813) Caioba 2018}) 1... d6 $146 (1... e5 2. Nc3 Nf6 3. Nf3 d6 4. d4 Nbd7 {1-0 (35) Giri,A (2732)-Abdel Razik,K (2450) Antalya 2013}) 2. Nc3 Nf6 3. d4 Nbd7 4. e4 e5 5. Nf3 Be7 6. Be2 O-O 7. O-O exd4 8. Nxd4 Nc5 {A55: Old Indian Defence with Nf3 and e4} 9. Qc2 (9. f3 a5 10. b3 Re8 11. Be3 Bf8 12. Qd2 c6 13. Rad1 Qc7 14. Rfe1 Kh8 15. Bf1 Bd7 16. Kh1 {1-0 (35) Giri,A (2732)-Abdel Razik,K (2450) Antalya 2013}) 9... a5 10. Rd1 Bd7 {White is slightly better.} 11. f4 ({Predecessor:} 11. Bf4 Re8 12. e5 dxe5 13. Bxe5 c6 14. Nf5 Bxf5 15. Qxf5 Qb6 16. Qc2 {0-1 (40) Okamura,M (2067)-Serafim Junior,A (1813) Caioba 2018}) 11... c6 12. e5 (12. h3 $16) 12... Ne8 (12... Ng4 $1 $15) 13. Nf5 dxe5 (13... Bxf5 $5 14. Qxf5 g6 $11) 14. fxe5 Bg5 15. Nd6 (15. Bg4 $14) 15... Qe7 16. Nf5 {[#]} (16. Bxg5 $11 Qxg5 17. Qd2 Qxd2 18. Rxd2) 16... Bxf5 $1 $17 17. Qxf5 Bxc1 18. Raxc1 g6 19. Qf4 Ng7 20. Bf1 Rfe8 21. Re1 Rad8 {[%cal Ba8d8,Bd8d4,Bd4f4,Bf4e4,Be4g4][%mdl 32]} 22. Ne4 Nxe4 23. Rxe4 Ne6 24. Qh6 (24. Qe3 $17) 24... Rd4 25. Rce1 Qc5 {( -> ...Rxe4+)} 26. R4e3 $2 (26. Kh1 {is a better chance.}) 26... Ng7 $19 {Black is clearly winning.} 27. Rh3 {[#]} (27. Qh3 $142 Nf5 28. Kh1) 27... Rf4+ $1 28. Rhe3 Re4 {Strongly threatening ...Nf5.} 29. g4 Rxg4+ {Accuracy: White = 28%, Black = 72%.} 0-1

[Event "Portugal Open 2019"]
[Site "Lisbon"]
[Date "2019.02.07"]
[Round "7.13"]
[White "Dvirnyy, Danyyil"]
[Black "Carrasco Martinez, Juan M."]
[Result "1-0"]
[WhiteElo "2487"]
[BlackElo "2380"]
[Annotator "TA"]
[PlyCount "77"]
[EventDate "2019.01.25"]
[EventType "swiss"]
[EventCountry "POR"]
[SourceTitle "playchess.com"]
[Source "ChessBase"]
[SourceQuality "1"]

{[%evp 23,77,16,19,27,23,12,12,19,5,-29,-20,-27,-21,-64,-1,-2,10,-35,-32,-31,0,0,-19,-8,-15,-17,-2,-7,-11,-14,62,61,55,49,70,44,42,41,86,94,135,137,160,160,230,218,318,319,325,326,343,322,496,468,558,554]} 1. d4 Nf6 2. c4 c5 3. d5 b5 4. cxb5 a6 5. bxa6 g6 6. Nc3 Bg7 7. Nf3 O-O 8. g3 d6 9. Bg2 Nbd7 {[%cal Bb8d7,Bd7b6,Bb6c4][%mdl 32] A58: Benko/Volga Gambit: Lines with 5 bxa6} (9... Nxa6 10. O-O Bf5 11. Nh4 Bd7 12. b3 Qb6 13. Bd2 Rfb8 14. Re1 Nc7 15. Qc2 Ra3 16. Qc1 Qa7 17. e4 Ng4 18. h3 {0-1 (38) Li,C (2732)-Shankland,S (2671) Liaocheng 2018}) 10. Rb1 Nb6 11. Nd2 Bxa6 12. O-O Bb7 {[%cal Rf6d5] LiveBook: 5 Games} 13. e4 Ba6 14. Re1 Nfd7 15. Nf3 Nc4 16. Qc2 Qa5 17. Bf1 Rfb8 18. Rd1 $146 ({Predecessor:} 18. Bd2 Nxd2 19. Nxd2 Bxf1 20. Rxf1 Bxc3 21. bxc3 Rxb1 22. Rxb1 Qxa2 {0-1 (58) Ostmoe,G (2453)-Turov,M (2586) Norway 2015}) 18... Nde5 (18... Bxc3 $15 19. bxc3 Rxb1 20. Qxb1 Ncb6) 19. Ne1 $11 Nb6 20. Bg2 Nec4 21. Bf1 Na3 22. bxa3 {[#] aiming for Nb5.} Bxf1 23. Kxf1 {Threatens to win with Ne2.} Bxc3 24. Nf3 Bf6 25. Kg2 Qa4 26. Rd2 c4 ({Black should try} 26... Bg7 $11) 27. Rb4 $1 $14 {[%cal Rb4a4]} Qxc2 28. Rxc2 {Black must now prevent Be3.} c3 29. Nd4 Bxd4 30. Rxd4 Ra4 31. Rb4 Rxb4 32. axb4 $16 {[%mdl 4096] Endgame KRB-KRN} Na4 33. a3 e6 (33... f5 $16 34. Kf3 Rf8) 34. Kf3 $18 Rb5 (34... Rc8 {might work better.} 35. Ke3 Kg7) 35. dxe6 fxe6 36. Ke3 d5 37. Kd3 dxe4+ (37... Rb7 {was called for.} 38. exd5 exd5) 38. Kc4 Rf5 39. Be3 {Precision: White = 71%, Black = 41%.} 1-0

[Event "Portugal Open 2019"]
[Site "Lisbon"]
[Date "2019.02.07"]
[Round "7.14"]
[White "Bilguun, Sumiya"]
[Black "Plichta, Kamil"]
[Result "1-0"]
[WhiteElo "2471"]
[BlackElo "2347"]
[Annotator "TA"]
[PlyCount "101"]
[EventDate "2019.01.25"]
[EventType "swiss"]
[EventCountry "POR"]
[SourceTitle "playchess.com"]
[Source "ChessBase"]
[SourceQuality "1"]

{[%evp 20,101,0,0,4,17,18,8,23,0,5,17,15,10,30,15,95,95,116,64,62,60,108,108,108,108,101,112,167,174,170,154,138,99,97,97,86,48,95,89,99,57,97,103,164,43,70,0,0,0,0,0,0,0,4,6,12,20,140,123,276,112,188,169,781,776,743,301,236,0,5165,1779,5157,1366,4913,2636,1529,489,29984,29985,29987,29987,29988,29989]} 1. Nf3 $146 (1. d4 Nf6 2. Bf4 g6 3. Nc3 d5 4. e3 Bg7 {1-0 (61) Kravtsiv,M (2685)-Ruck,R (2529) Batumi 2018}) ({Predecessor:} 1. d4 Nf6 2. Nf3 {1-0 (54) Hebden,M (2550)-Britton,R (2295) Hastings 2004}) 1... g6 2. d4 Nf6 3. Nc3 d5 4. Bf4 Bg7 5. e3 O-O 6. Be2 c5 7. O-O ({Predecessor:} 7. Ne5 Nc6 8. O-O cxd4 {1-0 (54) Hebden,M (2550)-Britton,R (2295) Hastings 2004}) 7... cxd4 8. exd4 Nc6 9. Ne5 Nd7 (9... Bd7 10. Re1 e6 11. Bg5 h6 12. Nxd7 Qxd7 13. Be3 Rac8 14. Na4 Na5 15. Nc5 Qc6 16. c3 Nc4 17. Bc1 {1-0 (61) Kravtsiv,M (2685)-Ruck,R (2529) Batumi 2018}) 10. Nf3 Nf6 11. Ne5 Nd7 {[%cal Rd7e5] D00: 1 d4 d5: Unusual lines} 12. Nxd5 Ndxe5 13. dxe5 Nxe5 {The position is equal.} 14. Bg5 Nc6 15. Bb5 f6 16. Be3 Be6 17. c4 Bf7 (17... Bd7 $11 {keeps the balance.}) 18. Bc5 $16 Re8 {[#]} 19. Qa4 (19. Qf3 $1 $16) 19... e6 20. Nb4 a6 21. Bxc6 (21. Nxc6 $6 axb5 22. Nxd8 bxa4 $11) 21... bxc6 22. Rfd1 Qb8 23. Bd6 Qa7 (23... Qb7 $16) 24. Nxc6 $18 Qb7 25. b4 e5 26. Rac1 Bh6 27. Rc3 e4 28. Bc5 Rac8 29. Na5 Qb8 30. Be3 Qe5 31. Qc2 Bg7 (31... Red8 $16 {was called for.} 32. Rc1 (32. Rxd8+ Rxd8 33. Rb3 Bxe3 $11) 32... Bg7) 32. c5 (32. Bd4 $18 Qc7 33. c5) 32... Red8 $1 $14 33. Rxd8+ (33. Rc4 $1 $14) 33... Rxd8 $11 34. f4 $36 {[%mdl 2048] White fights for an advantage.} ({Wrong is} 34. Nc6 $2 {[#]} Qxc3 $1 {[%mdl 512]} 35. Qb1 (35. Ne7+ $2 Kf8 $19) 35... Rd3 $19) 34... exf3 {Strongly threatening ...Bh6!} 35. Nc6 {[%mdl 64] Double Attack} Rd1+ $1 36. Qxd1 Qxc3 37. Bd4 Qc4 {...fxg2 is the strong threat.} 38. Qxf3 Qe6 (38... Qc1+ $11 {remains equal.} 39. Qf1 Qd2) 39. h3 $16 Be8 $2 (39... Qxa2 $16 40. Bxf6 Bf8) 40. Na5 (40. Nd8 $18 {and the rest is easy.} Qxa2 41. Bxf6) 40... Qe1+ (40... Bh6 $16 {might work better.} 41. Qxf6 Qxf6 42. Bxf6 Kf7) 41. Kh2 $18 Qxb4 $2 (41... Qe6 42. a3 h5) 42. Qd5+ Kf8 43. Qd6+ (43. c6 $142 Qb8+ 44. g3) 43... Kf7 44. Qd5+ $2 (44. Qc7+ $18 Kg8 45. Qd8) 44... Ke7 $2 {[%mdl 8192]} (44... Kf8 $11 45. c6 Qb8+ 46. g3 Bf7 47. Qc5+ Kg8) 45. Nb7 Qb5 46. Qd6+ Kf7 {[#]} 47. c6 $1 {[%mdl 512] Intending Nd8+ and mate.} g5 (47... Qxc6 48. Nd8+) 48. a4 (48. Nd8+ $142 Kg6 49. Qe7 Qxc6 50. Nxc6 Bxc6 51. Qe6) 48... Qxa4 (48... Qf5 $18 49. Nd8+ Kg6) 49. c7 {White mates.} Qd7 50. Qc5 Bf8 51. Qc4+ {[%mdl 64] Double Attack. Accuracy: White = 49%, Black = 49%.} 1-0